Základy statistiky : aplikace v technických a ekonomických oborech

Saved in:
Bibliographic Details
Main Authors: Neubauer, Jiří (Author), Sedlačík, Marek (Author), Kříž, Oldřich (Author)
Format: Book
Language:Czech
Published: Praha : Grada Publishing, 2012
Subjects:
Tags: Add Tag
No Tags, Be the first to tag this record!

MARC

LEADER 00000nam a22000003a 4500
001 stu272831
005 20190206132509.4
008 130808s2012----xr------------------cze-d
020 |a 978-80-247-4273-1 
040 |a STU  |b slo 
041 0 |a cze 
044 |a xr 
080 |a 311 
100 1 |a Neubauer, Jiří  |4 aut 
245 1 |a Základy statistiky :  |b aplikace v technických a ekonomických oborech 
260 |a Praha :  |b Grada Publishing,  |c 2012 
300 |a 236 s 
650 7 |a štatistika  |2 stusub 
650 7 |a matematická štatistika  |2 stusub 
650 7 |a teória pravdepodobnosti  |2 stusub 
700 1 |a Sedlačík, Marek  |4 aut 
700 1 |a Kříž, Oldřich  |4 aut 
996 |b 284M085332  |c M*13515-1  |l MMST  |s A  |a 24  |w stu272831_0001 
996 |b 284M085333  |c M*13515-2  |l MMKN  |s A  |a 24  |w stu272831_0002